The world of prostitution in late imperial Austria /

Hlavní autor: Wingfield, Nancy M.
Jazyk: Angličtina
Vydáno: Oxford : Oxford University Press, 2017
Vydání: First edition
Témata:
Fyzický popis: xv, 272 stran : ilustrace, plány ; 25 cm
Knihy
Uloženo v:
LEADER 01564nam a2200445 i 4500
001 001652841
003 CZ BrMZK
005 20181127093740.0
007 ta
008 181024s2017 xxkae f 001 0 eng
020 |a 978-0-19-880165-8  |q (vázáno) 
040 |a BOA001  |b cze  |e rda 
043 |a e-au---  |a e-hu---  |a e-xr--- 
045 |a w-x- 
072 7 |a 316.7  |x Sociologie kultury. Kulturní život  |2 Konspekt  |9 1 
080 |a 176.5  |2 MRF 
080 |a 392.65  |2 MRF 
080 |a 343.544  |2 MRF 
080 |a 304  |2 MRF 
080 |a (436+439)  |2 MRF 
080 |a (437.3)  |2 MRF 
080 |a (048.8)  |2 MRF 
100 1 |a Wingfield, Nancy M.  |q (Nancy Meriwether)  |7 mzk2008463959  |4 aut 
245 1 4 |a The world of prostitution in late imperial Austria /  |c Nancy M. Wingfield 
250 |a First edition 
264 1 |a Oxford :  |b Oxford University Press,  |c 2017 
300 |a xv, 272 stran :  |b ilustrace, plány ;  |c 25 cm 
336 |a text  |b txt  |2 rdacontent 
337 |a bez média  |b n  |2 rdamedia 
338 |a svazek  |b nc  |2 rdacarrier 
504 |a Obsahuje bibliografii, bibliografické odkazy a rejstřík 
648 7 |a 19.-20. století  |7 ch757015 
650 0 7 |a prostituce  |7 ph124654  |z Rakousko-Uhersko  |2 czenas 
650 0 7 |a prostituce  |7 ph124654  |z Česko  |y 19.-20. století  |2 czenas 
650 0 7 |a prostituce  |7 ph124654  |x sociální aspekty  |2 czenas 
655 7 |a monografie  |7 fd132842  |2 czenas 
910 |a BOA001  |b 2-1415.443 
990 |a BK 
991 |b 201811  |c NOV 
996 6 |b 2610758836  |c 2-1415.443  |l MZK  |r HSS 4p  |n 0  |p kupz  |h 316.7 WIN  |w 001691855  |u 000010  |a 0  |e BOA001  |j MZK50  |s P